| 000 | 01584nac a22003251u 4500 | ||
|---|---|---|---|
| 999 |
_c7492 _d7492 |
||
| 003 | EG-ScBUE | ||
| 005 | 20200113132613.0 | ||
| 008 | 110331s1952 ua f b 00010 ara d | ||
| 040 |
_aEG-ScBUE _bara _erda _cEG-ScBUE _dEG-ScBUE |
||
| 041 | 1 |
_aara _hspa |
|
| 082 | 0 | 4 |
_a892.7134099468 _bج ا ر _222 |
| 100 | 1 |
_aجارثيا جوميث، إميليو، _d1905-1995، _eمؤلف. _922748 |
|
| 240 | 1 | 0 |
_aPoemas Arábiogoandaluces. _lSpanish |
| 245 | 1 | 2 |
_aالشعر الأندلسي : _bبحث في تطوره وخصائصه / _cإميليو غوسية غومس ؛ عربه عن الإسبانية حسين مؤنس، أستاذ مساعد بكلية الآداب بجامعة فؤاد. |
| 250 | _bالطبعة الأولى. | ||
| 264 | 1 |
_aالقاهرة : _bمطبعة لجنة التأليف والترجمة والنشر : _bمكتبة النهضة المصرية، _c1952. |
|
| 300 |
_a161 صفحة ؛ _c24 سم |
||
| 336 |
_2rdacontent _aنص _btxt |
||
| 337 |
_2rdamedia _aبدون وسيط _bn |
||
| 338 |
_2rdacarrier _aمجلد _bnc |
||
| 500 | _aيشتمل على كشاف. | ||
| 500 | _aيشتمل على تصويبات. | ||
| 504 | _aيتشمل على إرجاعات ببليوجرافية. | ||
| 546 | _aالنص باللغة العربية وتم ترجمته من اللغة الإسبانية. | ||
| 650 | 7 |
_aالشعر العربي _zالأندلس _xتاريخ ونقد. _2BUEsh _922747 |
|
| 653 |
_bGGEN _cJanuary2020 |
||
| 655 | _vReading book | ||
| 700 | 1 |
_aمؤنس، حسين، _d1911-1996، _eمترجم. _916482 |
|
| 942 |
_cBB _k892.7134099468 ج ا ر _2ddc |
||